| 000 | 00949nam a22002775i 4500 | ||
|---|---|---|---|
| 001 | 176463 | ||
| 003 | ES-MaACL | ||
| 005 | 20250829131837.0 | ||
| 008 | 110118s1969 sp a |||| | spa d | ||
| 080 | _a2:37 | ||
| 080 | _a27-31 | ||
| 080 | _a27-14 | ||
| 100 | 1 |
_aDheilly, J. _944066 |
|
| 245 | 1 | 0 |
_aDe qué modo se da Dios a conocer a los hombres por medio de la vida de Jesús / _cJ. Dheilly, A. Raugel. |
| 260 |
_aMadrid : _bApostolado de la prensa, _cimp. 1969. |
||
| 300 |
_a64 p. : _bil. bl. y n. ; _c23 cm. |
||
| 490 | 1 |
_aCuadernos de pedagogía religiosa. Niños nº 2 ; _v2 |
|
| 600 | 0 | 4 |
_aJesucristo. _966361 |
| 650 | 4 |
_aReligión- _xEnseñanza. _9144779 |
|
| 650 | 4 |
_aDios- _xConocimiento. _911903 |
|
| 700 | 1 |
_aRaugel, A. _9144789 |
|
| 710 | 0 |
_aApostolado de la Prensa. _91403 |
|
| 830 | 0 | 0 |
_aCuadernos de pedagogía religiosa _v2 _9190056 |
| 852 |
_aES-MaACL _jE-14074 (2) _xOlim P-1658 |
||
| 999 |
_c176463 _d176463 |
||